000 00505nam a2200217Ia 4500
008 210210b2004 xxu||||| |||| 00| 0 eng d
020 _a81 8205 098 7
082 _a581.634 TIWM
100 _aTIWARI (Manisha)
245 _aMedicinal plants V2
260 _aDelhi
_bIsha Books
_c2004
300 _ax,653
440 _a2
650 _aV2
650 _aplants
650 _aMedicinal Plants
650 _aMedicinal
690 _aEconomic Botany
700 _aTANDON (Vibha)
906 _aSG04420
999 _c115363
_d115363